| 000 | 01363cab a2200241 4500 | ||
|---|---|---|---|
| 001 | X87756 | ||
| 008 | 090401t1997 xxu||||| |||| 00| 0 eng d | ||
| 035 | _a(Sirsi) u82135 | ||
| 041 | _aeng | ||
| 245 | _aEaling London BC v Regent Inns plc | ||
| 260 | _c1997 | ||
| 350 | _a0 | ||
| 490 |
_aPlanning Appeal Decisions _v(1997) 12 PAD 529-534(6) |
||
| 520 | _aComedy centre - restaurant extension - conference facility - existing public house, restaurant and engineering workshop - alterations and extensions - cabaret venue - customers at tables - whether in nature of concert hall or sui generis - noise and disturbance at night - behaviour of patrons outside - Conservation Area - on and off-street parking - traffic flow - safety and convenience of residents - Unitary Development Plan - PPGs6 and 13 - near Ealing Strategic Centre, but wrong to extend it - not appropriate to make direct comparison between public house drinkers and comedy theatre patrons benefits of proposal - effect of dismissal of appeal | ||
| 650 | _aCOMEDY CENTRE | ||
| 650 | _aEALING LONDON BC V REGENT INNS PLC | ||
| 650 | _aPLANNING (LISTED BUILDINGS AND CONSERVATION AREAS) ACT 1990 S72 | ||
| 650 | _aPLANNING POLICY GUIDANCE NOTE 13 | ||
| 650 | _aPLANNING POLICY GUIDANCE NOTE SIX | ||
| 690 | _aPLANNING LAW AND PRACTICE-CASE LAW | ||
| 942 | _n0 | ||
| 948 | _c17/11/1997 | ||
| 999 |
_c51813 _d51813 |
||